<?xml version="1.0" encoding="UTF-8"?>
<collection xmlns="http://www.loc.gov/MARC21/slim">
<record>
  <controlfield tag="001">261885</controlfield>
  <controlfield tag="005">20260319173037.0</controlfield>
  <datafield tag="035" ind1=" " ind2=" ">
    <subfield code="a">G:(GEPRIS)427387307</subfield>
  </datafield>
  <datafield tag="024" ind1="7" ind2=" ">
    <subfield code="a">G:(GEPRIS)427387307</subfield>
    <subfield code="d">427387307</subfield>
  </datafield>
  <datafield tag="040" ind1=" " ind2=" ">
    <subfield code="a">GEPRIS</subfield>
    <subfield code="c">http://gepris.its.kfa-juelich.de</subfield>
  </datafield>
  <datafield tag="150" ind1=" " ind2=" ">
    <subfield code="a">Das natürlich Schlechte: Zum Wesen des Leids und seiner Rolle in der gegenwärtigen Tugendethik</subfield>
    <subfield code="y">2019 - 2025</subfield>
  </datafield>
  <datafield tag="371" ind1=" " ind2=" ">
    <subfield code="a">Dr. Eva-Maria Düringer</subfield>
  </datafield>
  <datafield tag="450" ind1=" " ind2=" ">
    <subfield code="a">DFG project G:(GEPRIS)427387307</subfield>
    <subfield code="w">d</subfield>
    <subfield code="y">2019 - 2025</subfield>
  </datafield>
  <datafield tag="510" ind1="1" ind2=" ">
    <subfield code="a">Deutsche Forschungsgemeinschaft</subfield>
    <subfield code="0">I:(DE-588b)2007744-0</subfield>
    <subfield code="b">DFG</subfield>
  </datafield>
  <datafield tag="680" ind1=" " ind2=" ">
    <subfield code="a">Während in den letzten fünfzehn Jahren intensive Debatten über die Ontologie und ethische Relevanz von Lust und Schmerz geführt worden sind, ist die Ontologie und ethische Relevanz von Leid bis auf wenige Ausnahmen ignoriert worden. Ein klares Verständnis der Wesensart des Leids, das ein deutlich komplexeres Phänomen als eine Schmerzempfindung ist, ist jedoch zum einen an und für sich wünschenswert und wird zum anderen Debatten in der normativen und angewandten Ethik wichtige neue Impulse liefern. Keiner der derzeitigen Begriffsbestimmungen des Leids ist in der Lage, zuverlässig Leiderfahrungen, und nur Leiderfahrungen, als solche zu identifizieren. Mein Ziel ist es, eine Begriffsbestimmung des Leids zu entwickeln, die dies leisten kann. Ich werde argumentieren, dass das wesentliche Element des Leids, also jenes, aufgrund dessen alle noch so unterschiedlichen Manifestationen des Leids tasächlich Leiderfahrungen sind, in einer Konfiguration des Willens besteht: Im Leid verlieren unsere Wünsche an motivationaler Kraft und ihre Objekte erscheinen in weniger positivem Licht. Typischerweise wird dies von der Frustrationen zentraler Wünsche unseres Willens verursacht. In zwei weiteren Schritten möchte ich zeigen, dass dieses Leidverständnis zwei Debatten innerhalb der gegenwärtigen Tugendethik bereichern und neue Lösungsansätze bieten kann. Zunächst werde ich demonstrieren, dass eine Beschreibung des Leids als negatives Telos aller Lebewesen ein vermeintliches Dilemma auflösen kann, mit dem sich der Neo-Aristotelische Naturalismus konfrontiert sieht: Entweder leiten wir das Gute von einer Natur ab, die bereits wichtige Werteigenschaften enthält (zweite Natur), woraufhin der Naturalismus deutlich an Attraktivität verliert, oder wir leiten das Gute von der Natur ab, die wir mit anderen Tieren teilen, woraufhin wir ein verzerrtes und kontraintuitives Bild von moralisch guten und schlechten Handlungen zeichnen müssen. Im zweiten Schritt werde ich zeigen, dass das Verstehen von Leid in uns selbst und anderen ein zentrales Element der praktischen Weisheit darstellt. Das Leidverstehen kann erklären, warum und wie der praktisch weise Mensch in der Lage ist, zuverlässig in jeder Situation die moralisch relevanten Aspekte zu erkennen.</subfield>
  </datafield>
  <datafield tag="909" ind1="C" ind2="O">
    <subfield code="o">oai:juser.fz-juelich.de:928488</subfield>
    <subfield code="p">authority:GRANT</subfield>
    <subfield code="p">authority</subfield>
  </datafield>
  <datafield tag="980" ind1=" " ind2=" ">
    <subfield code="a">G</subfield>
  </datafield>
  <datafield tag="980" ind1=" " ind2=" ">
    <subfield code="a">AUTHORITY</subfield>
  </datafield>
  <datafield tag="909" ind1="C" ind2="O">
    <subfield code="o">oai:juser.fz-juelich.de:928488</subfield>
  </datafield>
</record>
</collection>